000 00875nam a2200217Ii 4500
003 JO-AjNU
008 230605s9999||||xx |||||||||||||| ||und||
017 _a2000/5/1746
040 _aJO-AjNU
_bara
_erda
_cJO-AjNU
041 _aara
050 1 4 _aG155.A287 2000
100 3 _aتأليف ابو رمان، لسعد حماد، م.مشارك ابي سعيد الديوه جي,
_eauthor
_957209
245 0 0 _aالتسويق السياحي والفندقي : المفاهيم والاسس العلمية
250 _aط1
264 3 1 _aعمان: دار الحامد للنشر والتوزيع، 2000
300 _a268ص
_bيحتوي على ببلوغرافية من ص259-268ص
336 _atext
_btxt
_2rdacontent
337 _aunmediated
_bn
_2rdamedia
338 _avolume
_bnc
_2rdacarrier
650 4 _aالسياحة - تسويق - الفنادق - تسويق
_957210
999 _aA25622
_c29190
_d29190